¿Cambios en la estructura curricular de la educación secundaria? Aproximaciones para conocer el caso santafesino (Record no. 193719)
[ view plain ]
| 000 -CABECERA | |
|---|---|
| campo de control de longitud fija | 02046nab a2200313 a 4500 |
| 005 - FECHA Y HORA DE LA ÚLTIMA TRANSACCIÓN | |
| campo de control | 20250622130920.0 |
| 008 - ELEMENTOS DE LONGITUD FIJA--INFORMACIÓN GENERAL | |
| campo de control de longitud fija | 991125c2016 ag ar p o 000 0 spa d |
| 035 ## - NÚMERO DE CONTROL DEL SISTEMA | |
| Número de control de sistema | UPN01000221622 |
| 040 ## - FUENTE DE LA CATALOGACIÓN | |
| Centro catalogador/agencia de origen | MX-MxUPN |
| Lengua de catalogación | spa |
| Centro/agencia transcriptor | MX-MxUPN |
| Normas de descripción | aacr2 |
| 049 ## - COLECCIÓN | |
| Colección | ART-E |
| 100 1# - ASIENTO PRINCIPAL--NOMBRE PERSONAL | |
| Nombre de persona | Baraldi, Victoria María |
| Enlace | - vbaraldi@gmail.com |
| 100 1# - ASIENTO PRINCIPAL--NOMBRE PERSONAL | |
| Nombre de persona | Garcia, Natalia |
| 100 1# - ASIENTO PRINCIPAL--NOMBRE PERSONAL | |
| Nombre de persona | Manessi, Victoria |
| 100 1# - ASIENTO PRINCIPAL--NOMBRE PERSONAL | |
| Nombre de persona | Menville, Elda |
| 100 1# - ASIENTO PRINCIPAL--NOMBRE PERSONAL | |
| Nombre de persona | Mazover, Susna |
| 245 10 - MENCIÓN DE TÍTULO | |
| Título | ¿Cambios en la estructura curricular de la educación secundaria? Aproximaciones para conocer el caso santafesino |
| Medio | [recurso electrónico en línea] |
| 506 0# - NOTA DE RESTRICCIONES AL ACCESO | |
| Limitaciones de acceso | Acceso abierto |
| 520 3# - NOTA DE RESUMEN, ETC. | |
| Sumario, etc. | Este texto ha sido elaborado en el marco de un proyecto de investigación (en curso) relativo a los procesos de construcción curricular de la Educación Secundaria a partir de la sanción de la Ley Nacional de Educación (N° 26206). Al focalizar en la cuestión de las estructuras curriculares justifica la importancia de un cambio de las mismas en una nueva educación secundaria. Se exponen los principales argumentos y debates en torno a la búsqueda de un curriculum integrado y/o un curriculum interdisciplinario; se identifican antecedentes históricos sobre los intentos de transformación de la educación secundaria en las últimas décadas y se realiza un análisis preliminar de los modos en que cada jurisdicción modificó el ciclo básico de la educación secundaria con especial atención hacia la inclusión de las ciencias sociales. Finalmente se exponen las preguntas que orientan el trabajo de campo del proyecto de investigación mencionado. |
| 650 #7 - ASIENTO SECUNDARIO DE MATERIA - TERMINO TEMATICO | |
| Término de materia o nombre geográfico como elemento de entrada | Educación secundaria |
| 9 (RLIN) | 4281 |
| 650 #4 - ASIENTO SECUNDARIO DE MATERIA - TERMINO TEMATICO | |
| Término de materia o nombre geográfico como elemento de entrada | Ciencias sociales |
| 9 (RLIN) | 9133 |
| 653 0# - TERMINO DE INDIZACION - NO CONTROLADO | |
| Término no controlado | Política educativa |
| 653 0# - TERMINO DE INDIZACION - NO CONTROLADO | |
| Término no controlado | Estructura curricular |
| 653 0# - TERMINO DE INDIZACION - NO CONTROLADO | |
| Término no controlado | Curriculum |
| 773 ## - ENLACE AL DOCUMENTO FUENTE/ENTRADA DE REGISTRO ANFITRIÓN | |
| Parte(s) relacionada(s) | Vol. 13, no. 13 (2016), p. 1-28 |
| Título | Educación, lenguaje y sociedad |
| Número Internacional Normalizado para Publicaciones Seriadas | 2545-7667 |
| 856 4# - LOCALIZACIÓN Y ACCESO ELECTRÓNICOS | |
| Identificador Uniforme del Recurso | <a href="http://cerac.unlpam.edu.ar/index.php/els/article/view/988/1137">http://cerac.unlpam.edu.ar/index.php/els/article/view/988/1137</a> |
| 902 ## - ELEMENTOS DE DATOS B LOCAL, LDB (RLIN) | |
| Creó | Gloria Jiménez/0524 |
| 905 ## - TIPO DE MATERIAL | |
| Tipo de material | Articulo |
| 942 ## - ELEMENTOS DE PUNTO DE ACCESO ADICIONAL (KOHA) | |
| Tipo de ítem Koha | Artículo Electrónico |
| Estado de retiro | Estado de pérdida | Estado dañado | No para préstamo | Código de colección | Localización permanente | Ubicación/localización actual | Ubicación en estantería | Fecha de adquisición | Total de préstamos | Fecha visto por última vez | Identificador Uniforme del Recurso | Precio válido a partir de | Tipo de ítem Koha |
|---|---|---|---|---|---|---|---|---|---|---|---|---|---|
| Acceso abierto | Bib. Gregorio Torres Quintero | Bib. Gregorio Torres Quintero | En línea | 07/05/2024 | 07/05/2024 | https://cerac.unlpam.edu.ar/index.php/els/article/view/988/1137 | 07/05/2024 | Artículo Electrónico |
